000 01506cam a22004574i 4500
003 PE-LiUPU
005 20250731173443.0
008 150616s r 000 0 d
035 _a(Sirsi) a5800
040 _aPE-LiUPU
_bspa
_cPE-LiUPU
_erda
049 _aPRUA
082 0 4 _a291.3
_bF83
_221
100 1 _aFrías, Gustavo,
_eautor.
245 1 0 _aParadigmas.
264 1 _aSantiago :
_bPublicidad y Ediciones S.A.,
_c1986.
300 _apaginación variada :
_bIlustraciones ;
_c18 cm.
336 _atext
_2rdacontent
337 _aunmediated
_2rdamedia
338 _avolume
_2rdacarrier
490 0 _aMitos, enigmas y leyendas contemporáneas
505 0 _aAsunto del amor y muerte.- Palanque el destierro en la tierra.- Amuletos y Talismanes.
526 _aSEG42
526 _aSEG41
526 _aSEG40
526 _aSEG39
526 _aP94
526 _aP87
526 _aP86
526 _aP85
526 _aP77
526 _aP76
526 _aP35
650 0 4 _aMITOLOGIA - NARRACIONES.
910 _ajck
_bjvq
_cjck
942 _2ddc
_cBOOK
949 _a291.3 F83
_wDEWEY
_c1
_i39250
_lCCODEBUL1
_mBUL
_p00.00
_r0
_sY
_tBOOK
_u19951008
_xTEOLOGIA
_zUNKNOWN
_0COMPRA
_o.STAFF. Colección General
994 _aC0
_bPEPRU
596 _a1
999 _a291.3 F83
_wDEWEY
_c56867
_i39250
_f2019-12-11
_g4
_lDISCARD
_mBUL
_r1
_sY
_tBOOK
_u2015-6-16
_xTEOLOGIA
_zUNKNOWN
_0COMPRA
_o.STAFF. Colección General
_d56867
980 _81
_gALBERTO SANCHEZ Responsable de Automatización